[Event "Novi Ligure op 1st"]
[Site "Novi Ligure"]
[Date "2006.10.13"]
[Round "1"]
[White "Gemma, Dario"]
[Black "Gattorna, Enrico"]
[Result "0-1"]
[WhiteElo "1900"]
[BlackElo "1440"]
[PlyCount "46"]
[EventDate "2006.10.13"]
[EventType "swiss"]
[EventRounds "5"]
[EventCountry "ITA"]
[SourceTitle "EXT 2007"]
[Source "ChessBase"]
[SourceDate "2006.11.23"]
[SourceVersion "1"]
[SourceVersionDate "2006.11.23"]
[SourceQuality "1"]

1. d4 Nf6 2. e3 g6 3. f4 Bg7 4. Nf3 d6 5. c3 Bf5 6. Bc4 Nbd7 7. Qb3 0-0 8. Ng5 e6 9. Qxb7 h6 10. Nf3 Be4 11. Qb3 Bxf3 12. gxf3 Nh5 13. Qc2 d5 14. Bd3 c5 15. Qg2 cxd4 16. Rg1 Qh4+ 17. Ke2 dxe3 18. Bxe3 Nxf4+ 19. Bxf4 Qxf4 20. Nd2 Rab8 21. Nb3 Ne5 22. Rae1 Nc4 23. Bxg6 fxg6 0-1